000 00573nam a2200193Ia 4500
003 OSt
005 20260120114918.0
008 210210b1930 xxu||||| |||| 00| 0 eng d
040 _cAL
041 _aKannada
082 _a858/183
100 _aVENKATARAMAYYA (C K)
_9147092
_dವೆಂಕಟರಾಮಯ್ಯ (ಸಿಕೆ)
245 _aPaigambara Mahammadaru:
_bಪೈಗಂಬರ ಮಹಮ್ಮದರು
260 _aBengaluru
_b-
_c1930
650 _aPaigambar (Prophet) Muhammad
_9251849
690 _aBiography
_9147093
906 _a020726
942 _2ddc
_cBK
999 _c144880
_d144880